000 00693nam a2200253 4500
001 2043
010 _a9789727933754
021 _aPT
_b538691/24
090 _a2043
100 _a20260210d2025 c||y0pory50030103ba
101 _apor
102 _aPT
200 _aOTTO, um cão de topo
_fCatherine Rayner
_gtrad. Pedro Costa
_gRev. Marta Ferreira
205 _a1ª edição
210 _aEstoril
_cMinutos de Leitura
_d2025
215 _a[32] p.
_cil.
_d28 cm
300 _aBMB-Registado
606 _9863
_aLiteratura Infantil
675 _a087.5
_vBMB
_zpor
700 _aRayner
_bCatherine
_92930
701 _aCosta
_bPedro
_4730
701 _aFerreira
_bMarta
_4640
801 _aPT
_bBMB
_gRPC
990 _cLIVROS